Countries With The Most World Cup Goals - Statistics

General Stats
  • This quiz has been taken 86 times
  • The average score is 21 of 24
Answer Stats
Goals Country % Correct
237 Brazil
100%
232 Germany
100%
152 Argentina
99%
61 Portugal
99%
108 Spain
97%
128 Italy
96%
136 France
95%
62 Mexico
93%
80 Sweden
93%
104 England
92%
96 Netherlands
92%
89 Uruguay
92%
69 Belgium
91%
40 United States
91%
40 Chile
86%
32 Colombia
86%
31 Denmark
82%
43 Croatia
80%
49 Poland
80%
87 Hungary
70%
39 South Korea
69%
43 Austria
68%
30 Paraguay
62%
30 Romania
61%
No matching quizzes found
Score Distribution
Percent of People with Each Score
Percentile by Number Answered
Your Score History
You have not taken this quiz